000 01279 a2200229 4500
001 46
005 20260407155405.0
008 260407a2007 arg spa d
003 AR-UNSa-BCEJYS
040 _aAR-UNSa-BCEJYS
_bspa
_cAR-UNSa-BCEJYS
080 _a658.012
_xMétodos (Management...)
245 1 0 _aSistemas administrativos y control interno
020 _a978-987-1140-36-7
264 1 _aBuenos Aires :
_bOsmar D. Buyatti
_c2007
300 _a336 p.
_c22 cm
505 _a1. Introducción - 2. El sistema de control interno - 3. Compras y cuentas a pagar - 4. Pagos - 5. Ventas y cuentas a cobrar - 6. Cobranzas - 7. Control interno en el área de tesorería - 8. Controles y conciliaciones - 9. Riesgos y perjuicios - 10. Controles generales - 11. Controles de aplicación - 12. Selección de software - 13. Sistema de ventas y cuentas a cobrar - 14. Sistema de compras y cuentas a pagar - 15. Sistema de stock - 16. Movimientos de fondos - 17. Sistema de sueldos y jornales - 18. Sistema de contabilidad
041 _aspa
942 _cBK
590 _aniveau_biblio:m niveau_hierar:0
100 1 _aPungitore, José Luis
856 4 1 _uhttps://biblioeco.unsa.edu.ar/pmb/images/libros/Sistemas administrativos y control interno2-l116254.jpg
_yImagen de portada
_qimage/jpeg
999 _c37
_d37